Biopsychology (Record no. 78815)

MARC details
000 -LEADER
fixed length control field 00340nam a2200145Ia 4500
008 - FIXED-LENGTH DATA ELEMENTS--GENERAL INFORMATION
fixed length control field 230917s9999||||xx |||||||||||||| ||und||
040 ## - CATALOGING SOURCE
-- 82857
Original cataloging agency VIVEKANANDA LIBRARY
041 ## - Language
-- English
082 ## - DDC NUMBER
Classification number 152 P653O
100 ## - MAIN ENTRY--PERSONAL NAME
Personal name Pinel, John P J
245 #0 - TITLE STATEMENT
Title Biopsychology
260 ## - PUBLICATION, DISTRIBUTION, ETC. (IMPRINT)
Place of publication, distribution, etc Boston
Name of publisher, distributor, etc Allyn and Bacon
Date of publication, distribution, etc 1990
300 ## - PHYSICAL DESCRIPTION
Pages xi, 576 p.
942 ## - ADDED ENTRY ELEMENTS (KOHA)
Koha item type Books
Holdings
Withdrawn status Lost status Damaged status Not for loan Location (home branch) Sublocation or collection (holding branch) Date acquired Koha issues (times borrowed) Koha full call number Accession No. Koha date last seen Koha item type
        VIVEKANANDA LIBRARY VIVEKANANDA LIBRARY 17/03/2003 1 152 P653O 154937 20/08/2025 Books
© Designed and Maintained by Vivekananda Library, MDU Rohtak